| 000 | 01212cam a22003257a 4500 | ||
|---|---|---|---|
| 999 |
_c27162 _d27162 |
||
| 001 | 14363994 | ||
| 005 | 20170207143233.0 | ||
| 008 | 060504s2007 njuab b 001 0 eng d | ||
| 010 | _a 2006926997 | ||
| 020 | _a9781565912267 (hbk.) | ||
| 020 | _a1565912268 (hbk.) | ||
| 035 | _a(OCoLC)ocn173623452 | ||
| 040 |
_aHKP _cHKP _dBAKER _dBTCTA _dNLGGC _dYDXCP _dAU@ _dMUQ _dSINLB _dOCLCQ _dZQP _dZWZ _dDLC |
||
| 042 | _alccopycat | ||
| 043 | _aa-kr--- | ||
| 050 | 0 | 0 |
_aNA6060 _b.K58 2007 |
| 100 | 1 | _aKim, Sung-woo. | |
| 245 | 1 | 0 |
_aBuddhist architecture of Korea / _cby Kim Sung-woo. |
| 260 |
_aElizabeth, N.J. ; _aSeoul : _bHollym, _c2007. |
||
| 300 |
_a152 p. : _bill. ; _c25 cm. |
||
| 490 | 1 |
_aKorean culture series ; _v9 |
|
| 504 | _aIncludes bibliographical references (p. 125-126) and index. | ||
| 650 | 0 |
_aBuddhist architecture _zKorea. |
|
| 830 | 0 |
_aKorean culture series (Elizabeth, N.J.) ; _v9. |
|
| 942 |
_2lcc _cBOOKS _hNA6060 .K58 2007 |
||